[Event "XIII. Solinger Karnevalsopen"]
[Site "Solingen"]
[Date "2024.02.11"]
[Round "5.9"]
[White "Hagenhoff, Georg"]
[Black "Bub, Volker"]
[Result "0-1"]
[WhiteElo "1737"]
[BlackElo "2050"]
[PlyCount "78"]
[EventDate "2024.??.??"]
[WhiteTeam "LSV Turm Lippstadt"]
[BlackTeam "SC Tornado 86 Hochneukirch"]

1. b4 e5 2. Bb2 d6 3. c4 Nd7 4. e3 Ngf6 5. Nf3 c6 6. d4 Qc7 7. Be2 Be7 8. Nc3 O-O 9. Qc2 Re8 10. O-O Nf8 11. b5 Ne6 12. Rac1 exd4 13. exd4 Nf4 14. Rfe1 Nxe2+ 15. Rxe2 Bg4 16. Qd3 Qd7 17. Rce1 Bf8 18. Bc1 Bf5 19. Qd1 h6 20. a4 Rxe2 21. Rxe2 cxb5 22. axb5 Rc8 23. c5 dxc5 24. Ne5 Qxd4 25. Qe1 c4 26. Nf3 Qg4 27. Ne5 Qh5 28. h3 Bd6 29. g4 Nxg4 30. Nxg4 Bxg4 31. Re8+ Kh7 32. Rxc8 Bxc8 33. Ne4 Qe5 34. f4 Bc5+ 35. Kh2 Qe6 36. f5 Qe5+ 37. Kh1 Qxf5 38. Nxc5 Qxc5 39. Qg3 Qxb5 0-1

[Event "XIII. Solinger Karnevalsopen"]
[Site "Solingen"]
[Date "2024.02.11"]
[Round "5.10"]
[White "Marcziter, Alex"]
[Black "Vortmeier, Jan"]
[Result "1-0"]
[WhiteElo "1864"]
[BlackElo "1987"]
[PlyCount "59"]
[EventDate "2024.??.??"]
[WhiteTeam "SG Porz e. V."]
[BlackTeam "Polizeisport-Verein Duisburg 192"]

1. e4 e5 2. Nf3 Nc6 3. Bc4 Nf6 4. d3 Bc5 5. c3 a6 6. h3 d6 7. O-O h6 8. b4 Ba7 9. a4 g5 10. Nh2 Rg8 11. Be3 g4 12. hxg4 Bxg4 13. Nxg4 Nxg4 14. Qf3 Rg7 15. Bxf7+ Rxf7 16. Qxg4 Qf6 17. Nd2 Rg7 18. Qh5+ Ke7 19. Bxa7 Nxa7 20. Nc4 Rg5 21. Qh3 Rag8 22. Ne3 Kd8 23. b5 a5 24. Rad1 Nc8 25. d4 Ne7 26. b6 c6 27. dxe5 Rxe5 28. Nc4 d5 29. Nxe5 Qxe5 30. exd5 1-0

[Event "XIII. Solinger Karnevalsopen"]
[Site "Solingen"]
[Date "2024.02.11"]
[Round "5.11"]
[White "Asadzade, Muhammed"]
[Black "Gelsok, Philipp"]
[Result "1/2-1/2"]
[WhiteElo "1621"]
[BlackElo "1929"]
[PlyCount "94"]
[EventDate "2024.??.??"]
[WhiteTeam "SV 1919 Koenigsspr"]
[BlackTeam "Bergische SF 1923 Ber"]

1. d4 Nf6 2. c4 e6 3. Nc3 Bb4 4. Qc2 c5 5. e3 O-O 6. Nf3 Nc6 7. Bd3 d5 8. dxc5 Bxc5 9. O-O Nb4 10. Qd1 Nxd3 11. Qxd3 dxc4 12. Qxc4 Bb6 13. e4 Qc7 14. Qxc7 Bxc7 15. Rd1 e5 16. Bg5 Be6 17. Bxf6 gxf6 18. Nd5 Bxd5 19. Rxd5 Rfd8 20. Rad1 Rxd5 21. Rxd5 Rd8 22. Rxd8+ Bxd8 23. Nh4 Bb6 24. Nf5 Bc5 25. Kf1 Kf8 26. Ke2 Ke8 27. f3 Kd7 28. Kd3 Bb6 29. Kc3 Ke6 30. h3 Kd7 31. a3 a5 32. b4 axb4+ 33. axb4 Bf2 34. Kd3 Ke6 35. Ke2 Bb6 36. g4 Ba7 37. h4 Bb6 38. h5 Ba7 39. Ng3 Bd4 40. Kd2 Bf2 41. Ne2 Kd7 42. Nc3 Kc6 43. Nd5 Bh4 44. Kd3 Bg5 45. Ne7+ Kd7 46. Nf5 Ke6 47. Ng3 Bh4 1/2-1/2

[Event "XIII. Solinger Karnevalsopen"]
[Site "Solingen"]
[Date "2024.02.11"]
[Round "5.12"]
[White "Stark, Timo"]
[Black "Atar, Efecan"]
[Result "0-1"]
[WhiteElo "1892"]
[BlackElo "1597"]
[PlyCount "120"]
[EventDate "2024.??.??"]
[WhiteTeam "SC Neckarsulm e.V."]
[BlackTeam "SG Solingen e. V."]

1. e4 e6 2. d4 d5 3. Nd2 dxe4 4. Nxe4 Nf6 5. Nxf6+ gxf6 6. Nf3 Nc6 7. Bb5 Qd6 8. c3 Bd7 9. Be3 Rg8 10. O-O O-O-O 11. a4 e5 12. d5 Bh3 13. Ne1 a6 14. Be2 Ne7 15. c4 c6 16. Bb6 Rd7 17. Qb3 Bf5 18. dxc6 Qxc6 19. a5 Ng6 20. Rd1 Nf4 21. Bf3 e4 22. Rxd7 Bxd7 23. Bd1 Bh3 24. Qe3 Bxg2 25. Nxg2 Nxg2 26. Qd4 Bd6 27. Kh1 Nf4 28. f3 f5 29. c5 Bb8 30. Ba4 Qe6 31. Rd1 Nd3 32. Rg1 Rf8 33. Rd1 Be5 34. Qg1 Qd5 35. fxe4 Qxe4+ 36. Qg2 Nf2+ 37. Kg1 Qxa4 38. Rf1 Qg4 39. Rxf2 Bd4 40. h3 Qxg2+ 41. Kxg2 Bxf2 42. Kxf2 Kd7 43. Ke3 Ke6 44. Bc7 Kd5 45. Bd6 Rg8 46. Kf4 Ke6 47. Be5 f6 48. Bc3 Rg1 49. Bd4 Re1 50. Bc3 Re4+ 51. Kf3 Rc4 52. Be1 Rxc5 53. Kf4 Rc1 54. Bd2 Rc4+ 55. Kf3 Rc2 56. Bc3 Rxc3+ 57. bxc3 Ke5 58. h4 h5 59. c4 f4 60. c5 Kf5 0-1

[Event "XIII. Solinger Karnevalsopen"]
[Site "Solingen"]
[Date "2024.02.11"]
[Round "5.13"]
[White "Sereda, Yaroslava"]
[Black "Lueersen, Lukas"]
[Result "1/2-1/2"]
[WhiteElo "1909"]
[BlackElo "1650"]
[PlyCount "45"]
[EventDate "2024.??.??"]
[WhiteTeam "SG Solingen e. V."]
[BlackTeam "SF Essen-Katernberg 0"]

1. e4 e6 2. d3 d5 3. Nd2 Nc6 4. Ngf3 Nf6 5. e5 Nd7 6. d4 Be7 7. c3 Ncb8 8. Bd3 c5 9. Nf1 Nc6 10. Ng3 cxd4 11. cxd4 f6 12. exf6 Nxf6 13. O-O O-O 14. a3 a5 15. Re1 Bd6 16. Bg5 h6 17. Bxf6 Qxf6 18. Bb5 Ne7 19. Qe2 Ng6 20. Nh5 Qf5 21. Ng3 Qf6 22. Nh5 Qf5 23. Ng3 1/2-1/2

[Event "XIII. Solinger Karnevalsopen"]
[Site "Solingen"]
[Date "2024.02.11"]
[Round "5.14"]
[White "Wilk, Clemens"]
[Black "Bien, Stefan"]
[Result "1/2-1/2"]
[WhiteElo "1662"]
[BlackElo "2017"]
[PlyCount "121"]
[EventDate "2024.??.??"]
[WhiteTeam "SF 1982 Oetzingen e.V."]
[BlackTeam "SV Horrem 1948"]

1. d4 c6 2. c4 d5 3. Nf3 Nf6 4. Nc3 g6 5. e3 Bg4 6. h3 Bxf3 7. Qxf3 e6 8. Bd3 Bg7 9. O-O O-O 10. b3 Re8 11. Bb2 Nbd7 12. cxd5 Nxd5 13. Nxd5 cxd5 14. Rac1 Qa5 15. Bb1 Rec8 16. Qe2 Bf8 17. h4 a6 18. Rc2 Qd8 19. g3 Rxc2 20. Qxc2 Rc8 21. Qd2 Rc6 22. Rc1 Qc7 23. Rxc6 Qxc6 24. Qc3 Qxc3 25. Bxc3 Bd6 26. Kg2 Nb8 27. f4 f5 28. b4 Kf7 29. Bd3 Ke7 30. a4 Nc6 31. b5 axb5 32. Bxb5 Na7 33. Bd3 Kd7 34. Kf3 Kc6 35. g4 b5 36. axb5+ Nxb5 37. Bxb5+ Kxb5 38. gxf5 exf5 39. Ke2 Kc4 40. Be1 Ba3 41. Bf2 Bb4 42. Bg3 Kb5 43. Bf2 Kc6 44. Kf3 Kd7 45. Kg2 Ke6 46. Kf3 Kf6 47. Kg3 Kg7 48. Kh3 Kh6 49. Bg3 Kh5 50. Bf2 Kh6 51. Kg2 Kg7 52. Kf3 Kf6 53. Bg3 Ke6 54. Bf2 Kd6 55. Ke2 Kc6 56. Bg3 Kb5 57. Bf2 Kc4 58. Bg3 Kc3 59. Bf2 Kc2 60. Bg3 h6 61. Bf2 1/2-1/2

[Event "XIII. Solinger Karnevalsopen"]
[Site "Solingen"]
[Date "2024.02.11"]
[Round "5.15"]
[White "Tonev, Vasil"]
[Black "Anschuetz, Wolfgang"]
[Result "1-0"]
[WhiteElo "1672"]
[BlackElo "1895"]
[PlyCount "71"]
[EventDate "2024.??.??"]
[WhiteTeam "SV Horrem 1948"]
[BlackTeam "Duesseldorfer SK 14/25 e."]

1. f4 e6 2. Nf3 d5 3. e3 c5 4. b3 Nf6 5. Bb2 a6 6. Be2 Nc6 7. Ne5 Bd7 8. Bf3 Ne4 9. d3 Qh4+ 10. g3 Nxg3 11. hxg3 Qxg3+ 12. Ke2 Nxe5 13. Bxe5 O-O-O 14. Nd2 f6 15. Bb2 Qg6 16. Qg1 Qf7 17. Bh5 Qe7 18. Bg6 h6 19. Nf3 Bc6 20. c4 dxc4 21. dxc4 f5 22. Rd1 Be4 23. Rxd8+ Qxd8 24. Qd1 Qc7 25. Be5 Qa5 26. Bf7 Qb6 27. Qa1 Bxf3+ 28. Kxf3 Qc6+ 29. Kf2 Qd7 30. Bh5 Rg8 31. Qd1 Qe7 32. Bg6 b6 33. Qh5 Kb7 34. Rd1 a5 35. Be8 g6 36. Qf3+ 1-0

[Event "XIII. Solinger Karnevalsopen"]
[Site "Solingen"]
[Date "2024.02.11"]
[Round "5.16"]
[White "Mercan, Emre Furkan"]
[Black "Meckel, Helmut"]
[Result "1-0"]
[WhiteElo "1658"]
[BlackElo "1846"]
[PlyCount "85"]
[EventDate "2024.??.??"]
[WhiteTeam "vereinslos"]
[BlackTeam "SG Solingen e. V."]

1. d4 e6 2. Bf4 f5 3. e3 Nf6 4. Be2 Be7 5. h3 d6 6. g4 Nd5 7. Bh2 Bh4 8. Qd2 O-O 9. gxf5 exf5 10. Bc4 Be6 11. Nc3 c6 12. Nxd5 Bxd5 13. Bxd5+ cxd5 14. O-O-O Nc6 15. Nf3 Bf6 16. h4 Rc8 17. Rdg1 a5 18. Kb1 b5 19. Bf4 Kh8 20. Bg5 h6 21. Bxf6 Qxf6 22. h5 f4 23. Nh4 fxe3 24. fxe3 Qf2 25. Qc1 Rfe8 26. Rh3 Qf7 27. Rhg3 Rg8 28. Qd2 Ne7 29. Qe2 Rcf8 30. a3 Qe8 31. Ng2 g5 32. hxg6 Rxg6 33. Nf4 Rxg3 34. Rxg3 Rxf4 35. exf4 Qf7 36. Qxb5 Nf5 37. Rh3 Qe6 38. Qd3 Qe4 39. c3 Qg2 40. Qf3 Qg6 41. Ka2 Qe6 42. Qg4 Qc8 43. Rxh6+ 1-0

[Event "XIII. Solinger Karnevalsopen"]
[Site "Solingen"]
[Date "2024.02.11"]
[Round "5.17"]
[White "Kuhn, Andreas"]
[Black "Klein, Andreas"]
[Result "1/2-1/2"]
[WhiteElo "1833"]
[BlackElo "1671"]
[PlyCount "110"]
[EventDate "2024.??.??"]
[WhiteTeam "SG Niederkassel"]
[BlackTeam "SC Buer-Hassel 1919 e. V."]

1. Nf3 d6 2. d4 c6 3. c4 Qc7 4. Nc3 g6 5. g3 Bg7 6. Bg2 Nf6 7. O-O Nbd7 8. e4 O-O 9. h3 e5 10. Be3 Re8 11. Qc2 Nf8 12. d5 Bd7 13. Rac1 c5 14. Ne1 a6 15. a4 Qc8 16. Kh2 Nh5 17. Qd1 Rb8 18. Bf3 Bxh3 19. Rg1 Nf6 20. g4 Bxg4 21. Bxg4 Qd8 22. Bh3 N8d7 23. Qd2 Nh5 24. Nd3 Qe7 25. Ne2 Ndf6 26. Bg5 Qf8 27. f3 h6 28. Be3 Kh7 29. Rh1 Qe7 30. Rcg1 Rg8 31. Ng3 Nxg3 32. Rxg3 Nh5 33. Rg2 Rbf8 34. Kg1 f5 35. Bxf5 gxf5 36. Rxh5 f4 37. Bf2 Qe8 38. Rhh2 Qxa4 39. Bh4 Bf6 40. Bxf6 Rxg2+ 41. Rxg2 Rxf6 42. Qc2 Qe8 43. Qf2 b5 44. Qh4 Rg6 45. cxb5 axb5 46. Qh3 Rxg2+ 47. Kxg2 c4 48. Qf5+ Kg7 49. Nb4 Qe7 50. Nc6 Qh4 51. Qd7+ Kh8 52. Qe8+ Kh7 53. Qf7+ Kh8 54. Qf8+ Kh7 55. Qf5+ Kh8 1/2-1/2

[Event "XIII. Solinger Karnevalsopen"]
[Site "Solingen"]
[Date "2024.02.11"]
[Round "5.18"]
[White "Amini, Yusuf"]
[Black "Rewerts, Ingo"]
[Result "1-0"]
[WhiteElo "1657"]
[BlackElo "1798"]
[PlyCount "63"]
[EventDate "2024.??.??"]
[WhiteTeam "SC Monheim/Baumberg 1958"]
[BlackTeam "SV Horrem 1948"]

1. e4 d5 2. exd5 Qxd5 3. Nf3 Bg4 4. Be2 c6 5. O-O Nf6 6. d4 e6 7. c3 Bd6 8. Re1 Nbd7 9. Nbd2 O-O 10. h3 Bh5 11. Ne5 Bxe2 12. Qxe2 c5 13. c4 Qxd4 14. Ndf3 Bxe5 15. Nxd4 Bxd4 16. Be3 e5 17. Rab1 Rab8 18. b4 b6 19. bxc5 bxc5 20. f4 Rxb1 21. Rxb1 Re8 22. fxe5 Rxe5 23. Rb3 g6 24. Qf3 Rf5 25. Qa8+ Kg7 26. Bxd4 cxd4 27. Qxa7 Rc5 28. Rb7 Rxc4 29. Rxd7 Nxd7 30. Qxd7 Rc1+ 31. Kh2 Rc4 32. a4 1-0

[Event "XIII. Solinger Karnevalsopen"]
[Site "Solingen"]
[Date "2024.02.11"]
[Round "5.19"]
[White "Stark, Sven"]
[Black "Weber, Yannik"]
[Result "1-0"]
[WhiteElo "1788"]
[BlackElo "1529"]
[PlyCount "61"]
[EventDate "2024.??.??"]
[WhiteTeam "SC Neckarsulm e.V."]
[BlackTeam "SC Neckarsulm e.V."]

1. e4 e5 2. Nf3 Nc6 3. c3 d6 4. d4 exd4 5. cxd4 a6 6. Bc4 Be7 7. Qb3 d5 8. Bxd5 Be6 9. Bxe6 fxe6 10. Be3 Qc8 11. Nc3 Nf6 12. Ng5 Nd8 13. e5 Ng4 14. Nce4 h6 15. Nf3 Nxe3 16. fxe3 O-O 17. O-O b6 18. Rac1 Qb7 19. Nc3 c6 20. e4 Kh8 21. d5 cxd5 22. exd5 Bc5+ 23. Kh1 exd5 24. Nxd5 Ne6 25. Nh4 Rfd8 26. Ng6+ Kg8 27. Nde7+ Kh7 28. Qxe6 Rd2 29. Nf8+ Rxf8 30. Qg6+ Kh8 31. Rxf8# 1-0

[Event "XIII. Solinger Karnevalsopen"]
[Site "Solingen"]
[Date "2024.02.11"]
[Round "5.20"]
[White "Bock, Juergen"]
[Black "Broncel, Kevin"]
[Result "0-1"]
[WhiteElo "1700"]
[BlackElo "1667"]
[PlyCount "58"]
[EventDate "2024.??.??"]
[WhiteTeam "SC Duesseldorf Garath 197"]
[BlackTeam "SC Neckarsulm e.V."]

1. d4 Nf6 2. Nf3 e6 3. e3 c5 4. Bd3 Nc6 5. c3 d5 6. Nbd2 Be7 7. dxc5 e5 8. Bb5 Qc7 9. b4 Bg4 10. Qb3 a5 11. Bb2 O-O 12. h3 Be6 13. a3 d4 14. Bc4 dxe3 15. fxe3 e4 16. Nd4 Qg3+ 17. Kd1 Qxg2 18. Kc2 Bxc4 19. Qxc4 Rfd8 20. Qf1 Qg5 21. Qf2 Nd5 22. Nxe4 Qg6 23. Kd3 Ne5+ 24. Kd2 Qxe4 25. Rag1 Nxe3 26. Qg3 Nf3+ 27. Kc1 Nxg1 28. Rxg1 Bf6 29. Re1 Rxd4 0-1

[Event "XIII. Solinger Karnevalsopen"]
[Site "Solingen"]
[Date "2024.02.11"]
[Round "5.21"]
[White "Lohmueller, Mario"]
[Black "Jovanovic, Lucas"]
[Result "1/2-1/2"]
[WhiteElo "1610"]
[BlackElo "1691"]
[PlyCount "100"]
[EventDate "2024.??.??"]
[WhiteTeam "SC Neckarsulm e.V."]
[BlackTeam "Krefelder SK Turm 1851 e"]

1. d4 Nf6 2. c4 e6 3. Nc3 d5 4. Qc2 dxc4 5. Nf3 Nbd7 6. a4 Bb4 7. e4 b6 8. Bxc4 Bb7 9. Bd3 h6 10. Bf4 c5 11. O-O O-O 12. Bd6 Re8 13. Nb5 Nf8 14. dxc5 Bxc5 15. Bxc5 bxc5 16. Rfd1 a6 17. e5 Nd5 18. Nd6 Qc7 19. Nxe8 Rxe8 20. Rac1 Rc8 21. Qe2 Qc6 22. Rc4 Nd7 23. Bb1 Qb6 24. Qc2 Nf8 25. Rc1 Nb4 26. Qc3 Nd7 27. Nd2 Bd5 28. Rxb4 Qc6 29. Rg4 h5 30. Rg3 Qxa4 31. Qd3 g6 32. Qe3 Kg7 33. Qg5 Nf8 34. Qf6+ Kg8 35. Nf3 Qa1 36. Ng5 Rc7 37. Rgc3 Qxb2 38. Qd8 Rd7 39. Qc8 Qd2 40. Nh7 Kxh7 41. Qxf8 Be4 42. h3 Bxb1 43. Rxc5 Qd4 44. Rc7 Qb2 45. Rc8 Qxe5 46. Rxb1 a5 47. Rc5 Qe4 48. Ra1 Qf4 49. Rcxa5 Rc7 50. Ra8 Rc1+ 1/2-1/2

[Event "XIII. Solinger Karnevalsopen"]
[Site "Solingen"]
[Date "2024.02.11"]
[Round "5.22"]
[White "Reinhardt, Klaus"]
[Black "Immel, Kaspar"]
[Result "1-0"]
[WhiteElo "1774"]
[BlackElo "1065"]
[PlyCount "101"]
[EventDate "2024.??.??"]
[WhiteTeam "vereinslos"]
[BlackTeam "SG Solingen e. V."]

1. Nf3 d6 2. c4 e5 3. Nc3 f5 4. d3 Nf6 5. e4 Be7 6. Be2 O-O 7. Qb3 h6 8. exf5 Nc6 9. O-O Rb8 10. Be3 Bxf5 11. Rad1 Kh8 12. Qc2 Qe8 13. Nb5 Ng4 14. Nxc7 Qg6 15. Nd5 Bd8 16. b4 Nxe3 17. fxe3 Ne7 18. Nh4 Qh7 19. Nxe7 Bxe7 20. Nxf5 Rxf5 21. Rxf5 Qxf5 22. Rf1 Qg6 23. Qa4 a6 24. Qd7 Bg5 25. Rf3 e4 26. dxe4 Qxe4 27. Qxd6 Bxe3+ 28. Kh1 Re8 29. Bd3 Bc5 30. bxc5 Qh7 31. Rf8+ Rxf8 32. Qxf8+ Qg8 33. Qxg8+ Kxg8 34. Be4 Kf7 35. Bxb7 Ke7 36. Bxa6 Kd7 37. Bb5+ Kc7 38. a4 g5 39. a5 h5 40. a6 g4 41. g3 h4 42. gxh4 g3 43. hxg3 Kb8 44. h5 Kc7 45. h6 Kb8 46. h7 Kc7 47. Kg2 Kb8 48. h8=Q+ Ka7 49. Qg7+ Kb8 50. a7+ Ka8 51. Bc6# 1-0

[Event "XIII. Solinger Karnevalsopen"]
[Site "Solingen"]
[Date "2024.02.11"]
[Round "5.23"]
[White "Runte, Dirk"]
[Black "Shivkumar, Shreyas"]
[Result "0-1"]
[WhiteElo "1670"]
[BlackElo "1481"]
[PlyCount "30"]
[EventDate "2024.??.??"]
[WhiteTeam "SF Lohmar 1974 e. V."]
[BlackTeam "SG Solingen e. V."]

1. d4 d5 2. Nf3 c5 3. c3 Nc6 4. Bf4 Bg4 5. Nbd2 e6 6. Ne5 Nxe5 7. Bxe5 f6 8. Bg3 Qb6 9. dxc5 Bxc5 10. Qa4+ Kf7 11. Qxg4 Qxb2 12. Rb1 Qxc3 13. Rxb7+ Ne7 14. Rxe7+ Bxe7 15. Qf3 Qc1# 0-1

[Event "XIII. Solinger Karnevalsopen"]
[Site "Solingen"]
[Date "2024.02.11"]
[Round "5.24"]
[White "Lueersen, Jan"]
[Black "Klaus, Daniel"]
[Result "1/2-1/2"]
[WhiteElo "1648"]
[BlackElo "1383"]
[PlyCount "58"]
[EventDate "2024.??.??"]
[WhiteTeam "SF Essen-Katernberg 0"]
[BlackTeam "SF Essen-Katernberg 0"]

1. e4 e6 2. d3 d5 3. Nd2 c5 4. g3 Nc6 5. Bg2 Nf6 6. Ne2 Be7 7. O-O b6 8. f4 Bb7 9. c3 dxe4 10. dxe4 O-O 11. h3 Qc7 12. g4 Rfd8 13. Ng3 c4 14. g5 Bc5+ 15. Kh1 Ne8 16. Qg4 b5 17. Nf3 Rd3 18. f5 exf5 19. exf5 Ne5 20. Nxe5 Bxg2+ 21. Kxg2 Qxe5 22. Bf4 Qd5+ 23. Kh2 Bd6 24. Rae1 Bxf4 25. Qxf4 Rd2+ 26. Re2 Rxe2+ 27. Nxe2 Nd6 28. Nd4 Re8 29. h4 a6 1/2-1/2

[Event "XIII. Solinger Karnevalsopen"]
[Site "Solingen"]
[Date "2024.02.11"]
[Round "5.25"]
[White "Hafez, Oualid"]
[Black "Kupke, Jonas"]
[Result "0-1"]
[WhiteElo "1168"]
[BlackElo "1569"]
[PlyCount "60"]
[EventDate "2024.??.??"]
[WhiteTeam "Duesseldorfer SK 14/25 e."]
[BlackTeam "Wiesbadener SV 1885"]

1. e4 c5 2. Nf3 g6 3. b3 Bg7 4. Nc3 a6 5. a4 Nc6 6. Bb2 Nf6 7. e5 Ng4 8. d4 cxd4 9. Ne2 Qa5+ 10. Qd2 Qxd2+ 11. Kxd2 Nxf2 12. Rg1 Nxe5 13. Bxd4 Nxf3+ 14. gxf3 Bxd4 15. Nxd4 d6 16. Rg3 e5 17. Ne2 f5 18. Ng1 e4 19. Ke2 f4 20. Rg5 e3 21. Rd5 Ke7 22. Rd4 g5 23. h4 h6 24. b4 Ke6 25. h5 Ke5 26. Rc4 Bf5 27. Rc7 Rhc8 28. Rxb7 Rxc2+ 29. Ke1 Rac8 30. Ne2 Nd3+ 0-1

[Event "XIII. Solinger Karnevalsopen"]
[Site "Solingen"]
[Date "2024.02.11"]
[Round "5.26"]
[White "Alugili, Yosef"]
[Black "Becker, Carsten"]
[Result "1-0"]
[WhiteElo "1490"]
[BlackElo "1835"]
[PlyCount "57"]
[EventDate "2024.??.??"]
[WhiteTeam "Duesseldorfer SK 14/25 e."]
[BlackTeam "SG Solingen e. V."]

1. e4 e6 2. d4 d5 3. exd5 exd5 4. c4 Nf6 5. Nf3 Bb4+ 6. Bd2 Qe7+ 7. Be2 dxc4 8. O-O Be6 9. Re1 b5 10. a4 c6 11. axb5 cxb5 12. Bxc4 bxc4 13. Qa4+ Qd7 14. Qxd7+ Kxd7 15. Bxb4 Nc6 16. Ne5+ Nxe5 17. Rxe5 Nd5 18. Bc5 a5 19. Nd2 Nf4 20. Bb6 a4 21. d5 Bxd5 22. Be3 f6 23. Rf5 Ne2+ 24. Kf1 Be6 25. Rc5 a3 26. Rd1 a2 27. Nxc4+ Ke7 28. Ra1 Rhc8 29. Nb6 1-0

[Event "XIII. Solinger Karnevalsopen"]
[Site "Solingen"]
[Date "2024.02.11"]
[Round "5.27"]
[White "Erkay, Necip Ali"]
[Black "Pernizki, Max"]
[Result "1-0"]
[WhiteElo "1874"]
[BlackElo "1495"]
[PlyCount "37"]
[EventDate "2024.??.??"]
[WhiteTeam "SG Solingen e. V."]
[BlackTeam "SG Solingen e. V."]

1. d4 Nf6 2. c4 e6 3. g3 d5 4. Bg2 Be7 5. Nf3 O-O 6. O-O Nbd7 7. Qc2 Ne4 8. Nbd2 Nxd2 9. Bxd2 Nf6 10. Ne5 b6 11. Nc6 Qd7 12. Nxe7+ Qxe7 13. Bg5 Bb7 14. cxd5 Bxd5 15. e4 Bb7 16. e5 Bxg2 17. Kxg2 h6 18. exf6 gxf6 19. Bxh6 1-0

[Event "XIII. Solinger Karnevalsopen"]
[Site "Solingen"]
[Date "2024.02.11"]
[Round "5.28"]
[White "Hapka, Luca"]
[Black "Kovalyova, Alina"]
[Result "1-0"]
[WhiteElo "1620"]
[BlackElo "1069"]
[PlyCount "33"]
[EventDate "2024.??.??"]
[WhiteTeam "SC Bayer Leverkusen e. V"]
[BlackTeam "SG Solingen e. V."]

1. e4 e5 2. Nf3 Nc6 3. Bb5 d6 4. d4 a6 5. Bxc6+ bxc6 6. dxe5 Qe7 7. O-O Bg4 8. exd6 cxd6 9. h3 Bxf3 10. Qxf3 Nf6 11. e5 Nd7 12. Qxc6 Ra7 13. exd6 Qf6 14. Qc8+ Qd8 15. Re1+ Be7 16. Rxe7+ Kf8 17. Qxd8# 1-0

[Event "XIII. Solinger Karnevalsopen"]
[Site "Solingen"]
[Date "2024.02.11"]
[Round "5.29"]
[White "White, William"]
[Black "Fetahovic, Sarah"]
[Result "0-1"]
[WhiteElo "1210"]
[BlackElo "1607"]
[PlyCount "90"]
[EventDate "2024.??.??"]
[WhiteTeam "SG Solingen e. V."]
[BlackTeam "SG Solingen e. V."]

1. d4 d5 2. c4 e6 3. cxd5 exd5 4. Nc3 c6 5. Nf3 h6 6. a3 Bf5 7. Bf4 Bd6 8. Bxd6 Qxd6 9. e3 Nf6 10. Bd3 Bxd3 11. Qxd3 O-O 12. O-O Nbd7 13. e4 dxe4 14. Nxe4 Nxe4 15. Qxe4 Nf6 16. Qe5 Qd7 17. Qe3 Rfe8 18. Qd3 Rad8 19. b4 g5 20. h3 Qd5 21. Rad1 Kg7 22. Ne1 Qe4 23. Qxe4 Rxe4 24. Nc2 Nd5 25. Rfe1 Rde8 26. Rxe4 Rxe4 27. Re1 Rxe1+ 28. Nxe1 Kf6 29. Kf1 Kf5 30. f3 Ke6 31. Nd3 b6 32. Ne5 Ne7 33. Ke2 f6 34. Ng4 h5 35. Nf2 Nd5 36. g3 f5 37. Kd3 Kd6 38. Nd1 {(=)} Ke6 39. Ne3 Nxe3 40. Kxe3 Kd5 41. Kd3 g4 42. h4 {(=)} gxf3 43. Ke3 f2 44. Kxf2 Kxd4 45. Kf3 c5 0-1

[Event "XIII. Solinger Karnevalsopen"]
[Site "Solingen"]
[Date "2024.02.11"]
[Round "5.30"]
[White "Kramer, Lars"]
[Black "Fodor, Bernhard"]
[Result "1-0"]
[WhiteElo "1504"]
[BlackElo "1287"]
[PlyCount "43"]
[EventDate "2024.??.??"]
[WhiteTeam "SF 1982 Oetzingen e.V."]
[BlackTeam "SG Solingen e. V."]

1. e4 e5 2. Nf3 Nf6 3. Nxe5 Qe7 4. Nf3 Qxe4+ 5. Be2 Nc6 6. O-O Be7 7. Nc3 Qb4 8. a3 Qa5 9. d4 d5 10. Bf4 Bd6 11. b4 Bxb4 12. axb4 Qxb4 13. Nb5 O-O 14. Nxc7 Be6 15. Nxa8 Rxa8 16. Rb1 Qe7 17. Re1 Ne4 18. Qd3 Nb4 19. Qa3 a5 20. c3 Qe8 21. cxb4 axb4 22. Qxb4 1-0

[Event "XIII. Solinger Karnevalsopen"]
[Site "Solingen"]
[Date "2024.02.11"]
[Round "5.31"]
[White "Stammen, York Magnus"]
[Black "Langensiepen, Burkhard"]
[Result "1-0"]
[WhiteElo "1381"]
[BlackElo "1507"]
[PlyCount "99"]
[EventDate "2024.??.??"]
[WhiteTeam "LSV Turm Lippstadt"]
[BlackTeam "SF Vonkeln 1931"]

1. Nf3 Nf6 2. g3 e6 3. Bg2 d5 4. d4 Nc6 5. O-O Bd6 6. c4 O-O 7. Nc3 h6 8. c5 Be7 9. a3 a5 10. Rb1 b6 11. b4 axb4 12. axb4 bxc5 13. bxc5 Ba6 14. Re1 Na5 15. Ne5 c6 16. Na4 Rb8 17. Rxb8 Qxb8 18. Bd2 Qc7 19. Bxa5 Qxa5 20. Nxc6 Qc7 21. Nxe7+ Qxe7 22. Nb6 Nd7 23. Qa4 Nxb6 24. Qxa6 Nc4 25. e4 Qf6 26. exd5 Qxd4 27. dxe6 fxe6 28. Qxe6+ Kh8 29. Qe2 Qxc5 30. Rc1 Rc8 31. Bf1 Qb4 32. Rxc4 Rxc4 33. Qxc4 Qxc4 34. Bxc4 Kh7 35. Bd3+ Kh8 36. Kg2 Kg8 37. Kf3 Kh8 38. h4 Kg8 39. h5 Kh8 40. Kf4 Kg8 41. g4 Kh8 42. Kf5 Kg8 43. Kg6 Kh8 44. f4 Kg8 45. Bc4+ Kh8 46. Bb5 Kg8 47. f5 Kh8 48. f6 gxf6 49. Kxf6 Kh7 50. Bd3+ 1-0